|
|
|
|
| LEADER |
01144nam a2200277 a 4500 |
| 001 |
3183989 |
| 008 |
100105s1975 enk b 001 0aeng d |
| 010 |
|
|
|a \\\76362116
|
| 020 |
|
|
|a 0903804069
|
| 020 |
|
|
|a 0903804085
|
| 040 |
|
|
|a DLC
|c DLC
|d DLC
|d BD-DhAAL
|
| 082 |
0 |
0 |
|a 301.45/19/275694
|2 18
|
| 999 |
|
|
|c 6712
|d 6712
|
| 999 |
|
|
|c 6712
|
| 100 |
1 |
|
|a Asmar, Fouzi,
|d 1937-
|9 549
|
| 245 |
1 |
0 |
|a To be an Arab in Israel /
|c by Fouzi El-Asmar ; foreword by I. F. Stone ; introduction by Uri Davis.
|
| 260 |
|
|
|a London :
|b Frances Pinter (Publishers) Limited,
|c 1975.
|
| 300 |
|
|
|a [6], 215 p. ;
|c 22 cm.
|
| 504 |
|
|
|a Includes bibliographical references and index.
|
| 541 |
1 |
|
|e 00004638
|
| 600 |
1 |
0 |
|a Asmar, Fouzi,
|d 1937-
|9 550
|
| 650 |
|
0 |
|a Palestinian Arabs
|z Israel.
|9 551
|
| 650 |
|
0 |
|a Authors, Arab
|z Israel
|x Biography.
|9 552
|
| 852 |
4 |
|
|a Ayesha Abed Library
|j General shelf
|
| 942 |
|
|
|2 ddc
|c AV
|0 1
|
| 952 |
|
|
|0 0
|1 0
|2 ddc
|4 0
|6 301_451927569400000_ASM_1975
|7 0
|9 6889
|a BRACUL
|b BRACUL
|c GEN
|d 2010-01-06
|g 0.00
|l 2
|m 9
|o 301.4519275694 ASM
|p 3010004638
|r 2023-01-17
|s 2022-11-13
|t 1
|w 2010-01-06
|y BK
|z Not price in Register
|